MARC

LEADER 00000nam0a2200000 4500
001 46806
005 20231101211040.0
035 |a (RuTPU)RU\TPU\book\48863 
090 |a 46806 
100 |a 20030128d1978 k y0rusy50 ca 
101 0 |a rus 
102 |a RU 
105 |a a z 000zy 
200 1 |a Жидкофазное автоокисление элементоорганических соединений  |f Ю. А. Александров 
210 |a Москва  |c Наука  |d 1978 
215 |a 1978  |c ил. 
320 |a Библиогр. в конце глав. 
516 1 |a Жидкофазное автоокисление ЭОС  |z rus 
606 1 |a Элементоорганические соединения  |x Окисление жидкофазное  |2 stltpush  |3 (RuTPU)RU\TPU\subj\21139  |9 46178 
610 1 |a химия 
610 1 |a органические соединения 
610 1 |a органическая химия 
675 |a 547.1'1  |v 3 
700 1 |a Александров  |b Ю. А.  |g Юрий Арсентьевич 
712 0 2 |a Горьковский государственный университет  |2 stltpush  |3 (RuTPU)RU\TPU\col\722 
712 0 2 |a Академия Наук СССР  |2 stltpush  |3 (RuTPU)RU\TPU\col\722 
801 1 |a RU  |b 63413507  |c 20030128  |g PSBO 
801 2 |a RU  |b 63413507  |c 20170817  |g PSBO 
942 |c BK